| 000 | 01383cam a22003254a 4500 | ||
|---|---|---|---|
| 999 |
_c20442 _d20442 |
||
| 001 | 12587668 | ||
| 003 | OSt | ||
| 005 | 20170119093631.0 | ||
| 008 | 011113s2001 coua c 000 0 eng | ||
| 010 | _a 2001132849 | ||
| 020 | _a0934324298 | ||
| 040 |
_aDLC _cDLC _dDLC |
||
| 042 | _apcc | ||
| 043 | _an-us-co | ||
| 050 | 0 | 0 |
_aN6490 _b.S5875 2001 |
| 082 | 0 | 0 |
_a709/.73/07478844 _221 |
| 100 | 1 | _aSobel, Dean. | |
| 245 | 1 | 0 |
_aWarhol/Koons/Hirst = _bcult and culture : selections from the Vicki and Kent Logan collection / _cDean Sobel ; with an essay by David Ebony ; preface by Kent A. Logan. |
| 260 |
_aAspen, CO : _bAspen Art Museum, _cc2001. |
||
| 300 |
_a67 p. : _bcol. ill. (chiefly ill.) ; _c23 cm. |
||
| 600 | 1 | 0 |
_aWarhol, Andy, _d1928-1987 _vExhibitions. |
| 600 | 1 | 0 |
_aKoons, Jeff, _d1955- _vExhibitions. |
| 600 | 1 | 0 |
_aHirst, Damien _vExhibitions. |
| 600 | 1 | 0 |
_aLogan, Vicki _xArt collections _vExhibitions. |
| 600 | 1 | 0 |
_aLogan, Kent _xArt collections _vExhibitions. |
| 650 | 0 |
_aArt _xPrivate collections _zColorado _zVail _vExhibitions. |
|
| 710 | 2 | _aAspen Art Museum (Aspen, Colo.) | |
| 906 |
_a7 _bcbc _corignew _d2 _encip _f20 _gy-gencatlg |
||
| 942 |
_2lcc _cBOOKS _hN 6490 .S5875 2001 |
||